Analýza hodnotenia finančnej dôveryhodnosti podniku : Diplomová práca

Salvato in:
Dettagli Bibliografici
Autore principale: Vranikovič, Daniel (Autore)
Altri autori: Cagáňová, Dagmar (xxx)
Natura: Manoscritto Libro
Lingua:slovacco
Pubblicazione: Trnava : STU v Bratislave MtF KPIM, 2006
Soggetti:
Tags: Aggiungi Tag
Nessun Tag, puoi essere il primo ad aggiungerne!!

MARC

LEADER 00000ntm a22000003a 4500
001 stu132496
005 20160719155543.7
008 061218s2006----xo------------------slo-d
040 |a STU  |b slo 
041 0 |a slo 
044 |a xo 
100 1 |a Vranikovič, Daniel  |4 aut 
245 1 |a Analýza hodnotenia finančnej dôveryhodnosti podniku :  |b Diplomová práca 
260 |a Trnava :  |b STU v Bratislave MtF KPIM,  |c 2006 
300 |a 71 s  |c príl (1 CD-ROM) 
650 7 |a priemyselné inžinierstvo a manažment  |2 stusub 
650 7 |a finančné účtovníctvo  |2 stusub 
650 7 |a finančná analýza  |2 stusub 
650 7 |a finančná dôveryhodnosť  |2 stusub 
700 1 |a Cagáňová, Dagmar  |4 xxx  |u M330  |U MTF Ústav inžinierskej pedagogiky a humatitných vied  |T MTF Katedra odbornej jazykovej prípravy  |U M330  |Y M330 
996 |b 284M075419  |c M*DP-6493  |l MMSKP  |s P  |a 0  |w stu132496_0001